000 00257nam a22001097a 4500
041 _aENG
245 _aSolar Energy Fundamentals In Buliding Design
260 _aNew York
_bMcGrw-Hill Book
_c1994
300 _a374
650 _aEOES (12)
856 _uEOES (12)
999 _c2714
_d2714